[Event "Bundesliga 0405"]
[Site "Germany"]
[Date "2005.02.12"]
[Round "10.5"]
[White "Zude, Arno"]
[Black "Berndt, Stephan"]
[Result "0-1"]
[WhiteElo "2398"]
[BlackElo "2438"]
[Annotator "Rogozenco,D"]
[PlyCount "66"]
[EventDate "2004.11.12"]
[EventType "team-tourn"]
[EventRounds "15"]
[EventCountry "GER"]
[SourceTitle "CBM 106"]
[Source "ChessBase"]
[SourceDate "2005.06.06"]
[SourceVersion "1"]
[SourceVersionDate "2005.06.06"]
[SourceQuality "1"]
[WhiteTeam "Hofheim"]
[BlackTeam "Neukoelln"]
[WhiteTeamCountry "GER"]
[BlackTeamCountry "GER"]

1. e4 c5 2. Nf3 d6 3. d4 cxd4 4. Nxd4 Nf6 5. Nc3 g6 6. Be3 Bg7 7. f3 O-O 8. Qd2
Nc6 9. Bc4 Bd7 10. O-O-O Rc8 11. Bb3 Nxd4 {Played for the first time by H.
Westerinen in 1963, this continuation gained much popularity after the game
Short-Topalov, Novgorod 1996. Nowadays it became the main alternative to 11...
Ne5.} 12. Bxd4 b5 13. h4 {A rare continuation. 13.Nd5 and lately also 13.e5
have been the main directions for White to search for advantage.} (13. e5 dxe5
14. Bxe5 Bc6 $11 {/+/=}) (13. Nd5 Nxd5 14. Bxg7 Kxg7 15. exd5 a5 16. a3 $14 {
/~~}) 13... a5 (13... h5 $2 14. e5 $1 dxe5 15. Bxe5 $16 Bc6 $140 $2 16. Qg5 $18
{[%csl Rg6][%cal Gg5g6]}) 14. a3 $6 ({Critical is} 14. h5 a4 15. Bxf6 exf6 (
15... Bxf6 $2 16. hxg6) 16. Qxd6 (16. Bd5) 16... axb3 17. Qxd7 Qa5 18. hxg6
hxg6 19. Qd5 f5 $13 {1-0 Berthelot,Y-Prie,E/Nantes 2003 (37)}) (14. Bxf6 Bxf6
15. h5 (15. Nd5 Bg7 16. Qg5 Re8 17. a3 h6 $15 {0-1 Sousa,J-Cordeiro,V/Evora
1996 (31)}) 15... Bg7 (15... g5 16. Nd5 $16) 16. hxg6 hxg6 17. Rh2 e6 $1 (17...
a4 $2 18. Rdh1 Re8 19. Rh8+ Bxh8 20. Rxh8+ Kg7 21. Qh6+ Kf6 22. e5+ Kxe5 23.
Qe3+ {1-0 Baxishov,A-Asadov,E/Baku 2004}) 18. Qxd6 (18. Rdh1 Qf6) 18... Qf6 $1
19. Rdh1 (19. Qxd7 Qf4+ $19) 19... Rfd8 $17) (14. a4 bxa4 15. Nxa4 Bxa4 16.
Bxa4 Rc4 $1 17. Bb3 Nxe4 $1 $19 {0-1 Hunt,H-Gaponenko,I/Warsaw 2001 (35)}) (14.
Nd5 a4 15. Nxf6+ Bxf6 16. Bd5 (16. Bxf6 axb3 $19) 16... Bxd4 17. Qxd4 e6 18.
Bb7 Rb8 $19) 14... b4 15. axb4 axb4 16. Nb1 (16. Na2 Be6 17. Bxe6 fxe6 18. Nxb4
Qa5 19. Kb1 Rc4 20. c3 Ra8 $40 {0-1 Zenishchev,A-Payne,K/IECG email 2001 (32)})
16... Qa5 $17 17. h5 Ba4 $1 18. Bxa4 Qxa4 19. h6 (19. hxg6 fxg6 $17 {1-0
Choisy,M-Agayeva,A/Urgup 2004 (47)}) 19... Bh8 {Black has a large advantage.
While the kingside is closed, he will freely attack opponent's king.} 20. Qd3
Nd7 $1 21. Bxh8 Nc5 $1 (21... Kxh8 22. Kd2 $1 {[%cal Gd1c1,Gd2e2] leaves White
with some chances to escape.}) 22. Qc4 Nb3+ 23. cxb3 Rxc4+ 24. bxc4 Kxh8 {
The rest is easy. Black continues the attack with material advantage. His
queen is obviously worth much more than a rook on h1 and a knight on b1.} 25.
Rd3 Qa2 26. Nd2 Qa1+ 27. Nb1 Rc8 28. b3 Qf6 29. g3 Ra8 30. Rh2 Qe5 {White
simply cannot hold all his pawn weaknesses.} 31. Rh3 Ra2 32. Rd2 Ra1 33. Rc2 f5
0-1

[Event "Olympiad-36"]
[Site "Mallorca"]
[Date "2004.10.25"]
[Round "10"]
[White "Cheparinov, Ivan"]
[Black "Gashimov, Vugar"]
[Result "0-1"]
[WhiteElo "2576"]
[BlackElo "2586"]
[Annotator "Rogozenco,D"]
[PlyCount "100"]
[EventDate "2004.10.15"]
[EventType "team-swiss"]
[EventRounds "14"]
[EventCountry "ESP"]
[SourceTitle "CBM 104"]
[Source "ChessBase"]
[SourceDate "2005.01.27"]
[SourceVersion "1"]
[SourceVersionDate "2005.01.27"]
[SourceQuality "1"]
[WhiteTeam "Bulgaria"]
[BlackTeam "Azerbaijan"]
[WhiteTeamCountry "BUL"]
[BlackTeamCountry "AZE"]

1. e4 c5 2. Nf3 d6 3. d4 cxd4 4. Nxd4 Nf6 5. Nc3 g6 6. Be3 Bg7 7. f3 O-O 8. Bc4
Nc6 9. Qd2 Bd7 10. O-O-O Rc8 11. Bb3 Nxd4 12. Bxd4 b5 13. Nd5 Nxd5 14. Bxg7
Kxg7 15. exd5 a5 16. a3 b4 17. axb4 axb4 18. Qxb4 Kg8 19. Rhe1 Re8 20. Rd3 {
According to J.Aagaard this is White's best try to fight for advantage. In
such positions it is difficult to prove the evaluation with analysis, but in
my opinion Black has sufficient compensation everywhere. Especially from the
practical point of view here the intuition is very important and if Black has
analyzed and played this position many times, then he usually finds the right
places for his pieces to keep the tension, even if White plays very precise.} (
20. Rd4 {is the main alternative.} Rb8 (20... Rc5 21. Kd1 Qa8 22. Qd2 Qa1+ 23.
Qc1 Qa7 $44 {1-0 Macieja,B-Petrosian,T/Stepanakert 2004 (39)}) 21. Qc3 (21. Qd2
Ra8 22. Qh6 Qa5 23. Kd1 Qa1+ 24. Qc1 (24. Ke2 Qxb2 25. Rh4 Qg7) 24... Qa7 25.
c3 Qb6 $44 {Kosteniuk-Golubev, ICC 2004.}) 21... Qb6 22. Kd1 Bb5 $13 {0-1
Timofeev,A-Mamedov,R/Dubai 2003 (56)}) (20. g4 Rc5 21. Re4 Qa8 22. Rde1 Qa1+
23. Kd2 Qxb2 24. Rxe7 $4 Rxe7 25. Rxe7 Rxc2+ 26. Kd3 Bb5+ 27. Qxb5 Rd2+ {
0-1 Pogonina,N-Petrosian,T/playchess.com 2004}) 20... Rb8 21. Qd2 (21. Qc3 Qb6
22. Kd1 Bb5 23. Rd4 Rec8 24. Qe3 Qa5 25. Re4 (25. Rh4 $142 {Aagaard}) 25... Rc7
$44 {1/2-1/2 Smirnov,P-Gashimov,V/Istanbul 2003 (35)}) 21... Qb6 22. Kd1 Bb5 (
22... Qa7 23. Ke2 Bb5 24. c4 Ba6 (24... Bd7 $5) 25. Qe3 Qc7 26. Kf2 Rb4 (26...
e5 27. Ra1 (27. dxe6 Rxe6 28. Qd2 (28. Qd4 Rxe1 29. Kxe1 d5 $1 $132) 28... Rxe1
29. Qxe1 Bxc4 $17) 27... e4 $5) 27. Rc3 Reb8 $44) 23. c4 Bd7 24. Ree3 Qc5 25.
Ke1 Rb4 $146 {Aagaard's recommendation, who nevertheless considers that White
is slightly better here.} (25... e5 26. dxe6 Bxe6 27. Ba4 Red8 28. b3 $16 {
1-0 De Vreugt,D-Mamedov,R/Istanbul 2003 (57)}) 26. h4 $6 h5 27. Kf2 Reb8 28.
Kg3 e5 {Black has a pleasant position. If White does not take on e6, then
he'll enjoy a great pawn structure. In the game White correctly played 29.dxe6,
although that activates opponent's bishop and White will have problems with
pawn c4, which must be permanently protected with many pieces.} 29. dxe6 (29.
Kh2 Bf5 30. Rc3 Qd4 $36) 29... Bxe6 30. Rc3 Qc7 31. Kf2 Qc5 32. Kg3 Qc7 33. Kf2
Qd8 {From the practical point of view Black rightly decides to continue, since
in spite of his extra pawn there is little White can do.} (33... Qc5 $11) 34.
g3 R8b7 35. Qd3 Kh7 36. Kg2 Bf5 37. Qd4 Qb8 38. Qd1 Be6 39. Qd3 Qc7 40. Qd2 Qc5
(40... Bxc4 41. Bxc4 Rxc4 42. Rxc4 Qxc4 43. b3 $11) 41. Qc2 $2 Rb8 ({Already
here Black could play} 41... Bxc4 {He did so after 5 moves.}) 42. Qe4 Qa7 43.
Qd3 Qc7 44. Qc2 R8b7 45. Qe2 Qc5 46. Qc2 $2 (46. Qd3 $11) 46... Bxc4 47. Rxc4
$2 (47. Re2 $1 Bxe2 (47... d5 48. Bxc4 dxc4 49. b3 $11) (47... Rxb3 48. Rxc4
$11) 48. Rxc5 dxc5 49. Bxf7 $1 Bxf3+ 50. Kxf3 Rxf7+ 51. Kg2 c4 $17) 47... Rxc4
48. Bxc4 Qxe3 49. b3 d5 50. Bd3 Qb6 0-1

[Event "EU-Cup 20th"]
[Site "Izmir"]
[Date "2004.10.04"]
[Round "2.2"]
[White "Smirnov, Pavel"]
[Black "Golubev, Mikhail"]
[Result "1-0"]
[WhiteElo "2626"]
[BlackElo "2520"]
[Annotator "Rogozenco,D"]
[PlyCount "99"]
[EventDate "2004.10.03"]
[EventType "team-swiss"]
[EventRounds "7"]
[EventCountry "TUR"]
[SourceTitle "CBM 104"]
[Source "ChessBase"]
[SourceDate "2005.01.27"]
[SourceVersion "1"]
[SourceVersionDate "2005.01.27"]
[SourceQuality "1"]
[WhiteTeam "Tomsk 400"]
[BlackTeam "Eynatten"]
[WhiteTeamCountry "RUS"]
[BlackTeamCountry "BEL"]

1. e4 c5 2. Nf3 d6 3. d4 cxd4 4. Nxd4 Nf6 5. Nc3 g6 6. Be3 Bg7 7. f3 Nc6 8. Qd2
O-O 9. Bc4 Bd7 10. h4 Ne5 11. Bb3 Rc8 12. O-O-O h5 13. Bg5 Rc5 14. Kb1 b5 15.
g4 a5 ({After} 15... hxg4 16. h5 {Black's best chance to keep things
complicated is} Rxc3 (16... Nxh5 17. Nd5 Re8 18. Rxh5 gxh5 19. Qh2 {is highly
dangerous for Black.}) 17. bxc3 Nxf3 $1 {[%csl Re4] Smirin's move is the point
of the sac on c3.}) 16. gxh5 (16. Bxf6 Bxf6 17. gxh5 a4 18. Bd5 e6 19. hxg6
exd5 20. h5 {is another theoretical direction, which leads to unbalanced
double-edged endgame.}) 16... a4 (16... Nxh5 17. Nd5 $36) 17. h6 (17. Bxf7+ {
is recommended in some theoretical sources, but Black keeps good chances to
defend:} Kxf7 (17... Rxf7 {is probably weaker because of} 18. hxg6 Nxg6 19. h5
Nxh5 20. Nd5 $1 (20. Rxh5 Nf4 $1 {0-1 Balogh,V-Dearing,E/Budapest 2001 (39)}) (
20. Rdg1 Nhf4 21. Bxf4 Nxf4 22. Nd5 e5 $17) 20... Ng3 21. Rhg1 Be5 (21... Rc4
22. Be3 $18) 22. Qe1 $40) 18. hxg6+ Nxg6 19. h5 Ne5 20. Qg2 (20. h6 Nc4 $1 21.
Qg2 Bh8 $17) 20... Rg8 (20... a3 $5 21. f4 Neg4 $13 {0-1 Stepashkin,E-Kargin,A/
Kolontaevo 1998 (47)}) (20... Rg8) 21. h6 Bh8 22. f4 Nc4 23. Qh2 Qa5 $1 {
and Black is better in this extremely sharp position.}) (17. Bd5 b4 (17... Nxh5
) 18. Nce2 e6 $6 (18... Nxd5 19. exd5 b3 $1 $36) 19. h6 $1 Bh8 20. h7+ $1 Kxh7
21. h5 $1 exd5 22. hxg6+ Kg8 23. Rxh8+ Kxh8 24. Bxf6+ {1-0 Sznapik,
A-Komljenovic,D/Biel (open) 1987}) 17... Bh8 18. h7+ {Getting rid of that pawn.
White needs an open h-file, not pawns there.} (18. Bd5 Kh7 $1 19. a3 (19. Bxf6
$142 Bxf6 20. f4 Ng4 $13 (20... b4 $13)) 19... Qb6 20. Ba2 b4 21. axb4 Qxb4 22.
Bxf6 Nxf3 23. Nxf3 Bxf6 24. e5 Rb8 25. Nxa4 Qxa4 26. exf6 Ra8 27. Ng5+ Rxg5 28.
Qxg5 Qxa2+ 29. Kc1 Ra5 30. Qg2 Qa1+ 31. Kd2 Qxb2 $19 {0-1 Ulibin,M-Savchenko,S/
Simferopol 1988 (41)}) 18... Nxh7 (18... Kxh7 19. h5 Nxh5 20. Rxh5+ gxh5 21.
Qh2 $18) 19. Bd5 Bg7 (19... b4 20. Nce2 Nxg5 21. hxg5 {is better for White.})
20. Be3 {'?!'} (20. f4 {is critical. For instance:} Nc4 21. Qh2 Nxb2 22. h5
Rxc3 23. Qh4 $1 $18) 20... e6 (20... b4 21. Nce2 e6 22. f4 {is a complete mess.
}) 21. Nxe6 {White will remain with a rook versus two pieces and no clear
attack, therefore this does not look entirely correct.} (21. f4 $5) 21... Bxe6
(21... fxe6 $2 22. Bxc5 dxc5 23. Bxe6+) ({After} 21... Rxd5 22. exd5 fxe6 23.
dxe6 Bxe6 24. h5 {in spite of the very complicated position, I believe Black
should be better.}) 22. Bxc5 (22. Bxe6 Nxf3 (22... fxe6 $2 23. Bxc5) 23. Qf2
Rxc3 $19) 22... dxc5 23. Bxe6 (23. h5 g5 24. Qg2 Qf6 $15) 23... Qxd2 24. Bxf7+
Rxf7 25. Rxd2 {Black is better, but in the game White somehow got counterplay
and in the mutual time trouble Black blundered. Next comments are mainly based
on Golubev's analysis.} Nxf3 (25... Nc4 $142 26. Rd8+ Nf8 $17) 26. Rd8+ Nf8 27.
Nxb5 Nxh4 (27... Rf4 $142 $5) 28. Nd6 Rf2 (28... Rf4 $5) 29. Ra8 Nf3 30. Rxa4
Rd2 (30... Nd2+ 31. Kc1 Be5 32. Nc4 Nxc4 33. Rxc4 Ne6 $13) (30... Be5 31. Nc4
$1 Bf4 32. Ra5 Ne6 33. a4 $132) 31. Nb7 {The chances are approximately equal
now.} Bd4 (31... g5 $5 32. Nxc5 g4 $13) 32. Ra8 (32. Ra5 $5 {Smirnov} Re2 (
32... g5 $6 33. Nxc5 g4 34. Nb3 $1 $16) (32... Ne6) 33. c3 $5 Bg1 34. Nxc5 Re1+
35. Kc2 Bxc5 36. Rxe1 Nxe1+ 37. Kd1 Nd3 38. Kc2 Ne1+ $11) 32... g5 (32... Kg7
$6 33. a4) 33. c3 (33. a4 g4 34. a5 Rh2 $1 (34... g3 35. Rh3 Be5 36. Rxg3+ Bxg3
37. a6 $16) 35. Rxh2 Nxh2 36. Nd8 $1 g3 37. Ne6 g2 38. Rxf8+ Kh7 39. Ng5+ Kg7
40. Ne6+ $11) 33... Bf2 (33... Bg7 $5 {(Smirnov)} 34. Nxc5 g4 35. Ne6 g3 36.
Nxf8 (36. Nf4 Rf2 $13) 36... g2 37. Nh7+ Kf7 38. Ra7+ $11) 34. Nd8 (34. Rh8+ $5
$14 Kxh8 35. Rxf8+ Kh7 $1 36. Rxf3 g4 37. Rf4 g3 38. Rg4 (38. Rh4+ Kg6 39. Rg4+
Kh5 $132) 38... Rd7 39. Nxc5 Rg7 40. Rxg7+ Kxg7 41. Ne6+ Kf6 42. Nf4 Ke5 43.
Ne2 g2 44. Kc2 Kxe4) 34... Rd6 35. Rh8+ Kg7 {'!'} ({Golubev: After} 35... Kxh8
$6 36. Nf7+ Kg8 37. Nxd6 g4 38. Nf5 g3 39. Nxg3 Bxg3 {Black has three minor
pieces for a rook, but of course it's he who must fight for a draw. Perhaps
it's achievable after, say,} 40. a4 Nd2+ 41. Kc2 Nxe4 42. a5 c4 43. a6 Bf2 44.
Rc8 Nd6 45. Rc6 Nb5 46. Rxc4 Ne6 {, etc.}) 36. Ra7+ (36. Rxf8 $2 Rd1+ $1 37.
Kc2 Rd2+ 38. Kc1 {and now} Kxf8 39. Ne6+ Ke7 40. Nxg5 Be3 $1 41. Nxf3 Rd8+ $19)
36... Rd7 {'??'} (36... Kxh8 $2 37. Nf7+ Kg8 38. Nxd6 g4 39. Nf5 $16 {is just
bad for Black.}) ({But} 36... Nd7 $1 {was necessary.} {After} 37. Re8 $1 {
, the line goes} Rd1+ 38. Kc2 Rd2+ 39. Kb1 (39. Kb3 $4 c4+) (39. Kc1 Be3 $1)
39... Rd1+ {when taking a draw looks wise for the both sides.}) 37. Rxf8 {
Golubev: My deep idea was to meet this with 37...Rd1+ 38.Kc2 Rd2+ and 39...
Kxf8. Alas, the very first move of this sequence would have broken the rules,
as Black's rook is pinned.} Nd2+ 38. Kc2 Rxa7 39. Ne6+ Kg6 40. Kxd2 {'+-'} Bg3
41. Rf5 Rxa2 42. Rxg5+ Kf6 43. Rxg3 Kxe6 44. Kc2 c4 45. Rg5 Ra8 46. Rc5 Ra4 47.
Kd2 Ra2 48. Rb5 Ra8 49. Rb4 Rc8 50. Ke3 1-0

[Event "USA-ch"]
[Site "Seattle"]
[Date "2003.01.11"]
[Round "3"]
[White "Perelshteyn, Eugene"]
[Black "Kudrin, Sergey"]
[Result "1-0"]
[WhiteElo "2442"]
[BlackElo "2542"]
[Annotator "Rogozenco,D"]
[PlyCount "71"]
[EventDate "2003.01.09"]
[EventType "swiss"]
[EventRounds "9"]
[EventCountry "USA"]
[SourceTitle "CBM 093"]
[Source "ChessBase"]
[SourceDate "2003.04.01"]
[SourceVersion "1"]
[SourceVersionDate "2003.04.01"]
[SourceQuality "1"]

1. e4 c5 2. Nf3 d6 3. d4 cxd4 4. Nxd4 Nf6 5. Nc3 g6 6. Be3 Bg7 7. f3 Nc6 8. Qd2
O-O 9. Bc4 Bd7 10. O-O-O Rc8 11. Bb3 Ne5 12. Kb1 Re8 13. h4 h5 (13... Nc4 {
is the alternative, when comparing to the line 12.h4 Nc4, both sides should
try to make the inclusion of moves Kb1 Re8 work in their favor. However,
typically for Dragon it is worth stopping White's attacking intentions with
h7-h5, that's why in my opinion the text move is better.} 14. Bxc4 Rxc4 {
Although both Kb1 and Re8 are useful moves here, White has many options to
choose from. Now both 15.h5 or 15.g4 look good for White.}) 14. Bh6 (14. Bg5
Rc5 {is another direction, in which Black seems to be more or less okay,
speaking from the point of view of opening outcome - the position is balanced.}
) (14. g4 hxg4 (14... Nc4 {deserves attention too, but more principled is to
take on g4.}) 15. h5 Nxh5 16. Bh6 e6 $13) 14... Bh8 $6 {This might seem
logical after Black played Rf8-e8, but in fact it only helps White to make
g2-g4 work.} (14... Nc4 {according to the practice this is the correct move,
when after} 15. Bxc4 Rxc4 16. Bxg7 Kxg7 {White has a wide choice, but
everywhere Black succeeded to keep counterchances. Here are most important
examples:} 17. Nd5 {In my opinion besr move - it deprives Black from important
resource Qa5.} (17. Rhe1 Qa5 18. Nb3 Qc7 19. Qf2 $5 (19. Nd5 $6 Nxd5 20. exd5
Rxh4 {1-0 Polzin,R-Reschke,S/Germany 1997 (45)}) 19... a5 20. Nd5 Nxd5 21. exd5
a4 22. Nd4 a3 (22... Rc5 $1 {[%csl Rd5]}) 23. b3 Rc5 24. c4 b5 25. Nxb5 Bxb5
26. cxb5 Rc8 27. Qd4+ $36 {1-0 Van der Weide,K-Loetscher,R/Augsburg 2002 (48)})
(17. g4 hxg4 18. h5 Rh8 19. fxg4 Bxg4 20. hxg6 fxg6 21. Nd5 e5 22. Rxh8 Qxh8
23. Qg5 Nxd5 24. Qxg4 Rxd4 25. Qd7+ Kg8 26. Qe8+ {1/2-1/2 Sandipan,C-Motylev,A/
Calcutta 2002 (26)}) (17. Nde2 Qa5 18. Nf4 Rec8 19. Ncd5 Qxd2 20. Rxd2 Nxd5 21.
Nxd5 Kf8 {1/2-1/2 Aseev,K-Nemtsev,I/Nizhnij Novgorod 1998 (44)}) 17... e5 18.
Nxf6 Qxf6 19. Nb3 Re6 {and White was slightly better in Ponomariov,R-Tiviakov,
S/Moscow 2001.}) 15. g4 $1 {The difference is that after the inclusion of
moves 14.Bh6 Bh8 Black cannot take on g4 any longer:} Qa5 (15... hxg4 $2 16. h5
$1 (16. f4 {is also in White's favour, but 16.h5 is more convincing.}) 16...
Nxh5 (16... gxh5 17. Qg5+ Kh7 18. Rxh5 $18) 17. Rxh5 $1 gxh5 18. Qg5+ Kh7 19.
Qxh5 $18) (15... Nc4 16. Bxc4 Rxc4 17. gxh5 Nxh5 (17... Nxe4 18. fxe4 Rxd4 19.
Qg2 $36) 18. Nde2 $14) 16. gxh5 Nxh5 17. Rhg1 $14 {/+/- This position is
typically better for White - it is much more difficult for Black to create
counterplay on the queenside.} Nc4 (17... b5 18. Ncxb5) 18. Qd3 (18. Bxc4 $5
Rxc4 19. Nde2 {is an easy solution for a slight advantage. The game is more
ambitious.}) (18. Qe2 $2 Nxb2 19. Rxg6+ Kh7 {[%csl Rc3,Rg6]} 20. Bxf7 Nxd1 21.
Nxd1 Bxd4 $19) 18... Ne5 (18... Na3+ {brings nothing, since White is not force
to take on a3 (which might be good as well).} 19. Ka1) 19. Qe2 Qa6 20. Ncb5 $1
(20. Qxa6 bxa6 {The endgame is acceptable for Black: it is not easy for White
to use weaknesses on a6 and a7, while in middlegame the kingside attack is
much more dangerous.}) 20... Kh7 21. Bc1 Rf8 {Not easy to protect both g6 and
f7, but anyway, a move like Rf8 is a clear sign of failure. Black had a
difficult choice:} (21... Rc5 22. a4 Rec8 23. f4 Nc4 24. f5 $40) (21... e6 22.
f4 Nc6 23. Nf5 $5 exf5 $140 24. Bxf7 $18 {[%csl Rg6]}) 22. f4 Nc4 {Loses by
force, but the position was too bad anyway.} (22... Nc6 23. Qg2 {[%cal Gb3f7,
Rg2g6]}) (22... Ng4 23. Ne6 $1 Qxb5 24. Qxg4 $18) 23. Bxc4 Bxd4 24. Rxd4 Rxc4
25. Qxc4 $18 Qxb5 26. Qc3 {Again keeping the queens is most unpleasant for
Black and is the quickest way to finish the game.} Rc8 27. Qd2 Be8 28. Rd5 Rc5
29. f5 Nf6 30. Qh6+ Kg8 31. Rxc5 Qxc5 32. Be3 Qc4 33. fxg6 fxg6 34. h5 Qxe4 35.
hxg6 a6 36. Bg5 1-0

[Event "GRE-GEO"]
[Site "Athens"]
[Date "2003.09.19"]
[Round "2"]
[White "Gagunashvili, Merab"]
[Black "Nikolaidis, Ioannis"]
[Result "1/2-1/2"]
[WhiteElo "2577"]
[BlackElo "2478"]
[Annotator "Rogozenco,D"]
[PlyCount "61"]
[EventDate "2003.09.18"]
[EventType "team"]
[EventRounds "6"]
[EventCountry "GRE"]
[SourceTitle "CBM 098"]
[Source "ChessBase"]
[SourceDate "2004.02.03"]
[SourceVersion "1"]
[SourceVersionDate "2004.02.03"]
[SourceQuality "1"]

1. e4 c5 2. Nf3 d6 3. d4 Nf6 4. Nc3 cxd4 5. Nxd4 g6 6. Be3 Bg7 7. f3 Nc6 8. Bc4
Bd7 9. Qd2 O-O 10. O-O-O Rb8 11. h4 b5 12. Bb3 a5 $5 {In connection with the
next move, a very interesting idea from Black, recommended by Luc Henris in
his article about Chinese Dragon. It must be mentioned that other options are
acceptable for Black as well.} (12... Ne5) (12... Na5) 13. Ndxb5 a4 $5 14. Bxa4
Qa5 $44 {Now Black is two pawns down, but opponent's pieces are completely
tied on the queenside.} (14... Ne5 {Henris considers this move better than 14..
.Qa5.} 15. Na3 (15. Qd4 {The best continuation according to Henris. If this is
true, then this is all very deep. To my mind such a move can hardly be the
best.} {After} Nc6 {White must probably repeat the position.}) 15... Bxa4 16.
Nxa4 Nc6 ({After} 16... Qc7 {White can play} 17. b3 {preparing Bd4-b2. The
immediate 17.Bd4 runs into 17...Nc6.}) 17. b3 $5 {Black certainly has some
compensation for the sacrificed material, but only the detailed analysis and
practical games can give an answer whether it is worth two pawns.} (17. c4 Nb4
18. Nb5 Qa5 19. b3 Rfc8 $1 (19... d5 20. exd5 Nfxd5 21. Bd4 $16) 20. Kb1 Rxc4
$1 (20... Rxb5 21. cxb5 Rc2 22. Qxc2 Nxc2 23. Kxc2 Qxb5 24. Nc3 Qa5 25. Bd4 $16
) 21. bxc4 Qxa4 $44) 17... Rb4 (17... Nb4 18. Kb1) (17... Nd7 $6 18. h5 $16)
18. c4 Qa5 19. Nb5 $13) 15. h5 (15. a3 Ne5 16. b4 Qa6 17. Nc7 Qb7 $17) 15...
Ne5 16. hxg6 Bxb5 (16... hxg6 $2 17. Bh6 Nc4 18. Qf4 $18 (18. Qg5 $18)) (16...
Nc4 $142 {Henris}) 17. gxh7+ (17. gxf7+ $1 {was correct, pointed out by Henris.
Black is in troubles after this. Ideas from the game don't work any longer:}
Kh8 (17... Rxf7 18. Bxb5 Rxb5 19. Nxb5 Qxa2 20. Nc3 Qa1+ 21. Nb1 Nc4 22. Qb4
Nd5 23. Qxc4 Nxe3 24. Qc8+ Rf8 25. Qe6+ Rf7 26. c3 $18) 18. Bxb5 Rxb5 19. Nxb5
Qxa2 20. Nc3 Qa1+ 21. Nb1 Nc4 22. Qd4 $5 Nd5 (22... Nxe4 {This would have
worked in the game, see 22.Qd4 instead of 22.Qb4 from the game.} 23. Rxh7+ Kxh7
24. Qxe4+ $18) 23. e5 $1 {[%cal Gd4h4]} Ndxe3 24. Rxh7+ $1 Kxh7 25. Qe4+ Kh6
26. Rh1+ Kg5 27. f4+ Kg4 28. Qg6+ Kxf4 29. Rh4+ Kxe5 30. Rh5+ Kf4 31. Qg5+ Ke4
32. Rh4+ {and mate}) 17... Kh8 18. Bxb5 Rxb5 19. Nxb5 (19. Bh6 Bxh6 20. Qxh6
Rbb8 $19) 19... Qxa2 20. Nc3 (20. Qd4 Nc4 (20... Nxe4 21. fxe4 Nc4 22. b3 $8
Bxd4 23. Bxd4+ Ne5 $13) 21. b3 Nxe3 (21... Nxe4 {- 20...Nxe4}) 22. Qxe3 Rc8 $1
23. Nc3 (23. Qd3 Nd7 {Black attacks with all pieces and has a very strong
attack.}) 23... Qa3+ 24. Kd2 Qb4 25. e5 $1 Nd5 (25... Nd7 26. f4 dxe5 27. Qd3
$1 exf4 (27... e4 28. Qxd7 Qxc3+ 29. Ke2 Qxc2+ 30. Rd2 $18) 28. Ke2 {[%csl Rh8]
} Nf8 29. Nd5 $18) 26. Rh4 Qxh4 27. Nxd5 $13) 20... Qa1+ 21. Nb1 Nc4 22. Qb4 (
22. Qd4 $2 Nxe4 $1 $19) 22... Nd5 (22... Nxe3 $2 23. Rd3 $18) 23. Rxd5 Bxb2+
24. Kd1 Qxb1+ 25. Ke2 Qxh1 {Wild complications will soon end with approximate
equality... An amazing Dragon battle.} 26. Qxc4 Qxg2+ 27. Bf2 Be5 28. Rd1 Bg3
29. Rf1 Bxf2 30. Rxf2 Qh3 31. Kd3 1/2-1/2